书目信息 |
| 题名: |
言语康复与沟通训练
|
|
| 作者: | 王曙光 主编 | |
| 分册: | 我的社区 | |
| 出版信息: | 重庆 西南师范大学出版社 2017.09 |
|
| 页数: | 129页 | |
| 开本: | 24cm | |
| 丛书名: | ||
| 单 册: | ||
| 中图分类: | G762.2 | |
| 科图分类: | ||
| 主题词: | 语言障碍--儿童--教育康复 | |
| 电子资源: | ||
| ISBN: | 978-7-5621-9014-1 | |
| 000 | 00856nam0 2200241 450 | |
| 001 | 0108153917 | |
| 005 | 20210308154404.0 | |
| 010 | @a978-7-5621-9014-1@dCNY45.00 | |
| 100 | @a20210307e20192017em y0chiy50 ea | |
| 101 | 0 | @achi |
| 102 | @aCN@b500000 | |
| 105 | @aa z 000yy | |
| 106 | @ar | |
| 200 | 1 | @a言语康复与沟通训练@Ayan yu kang fu yu gou tong xun lian@i我的社区@f王曙光主编 |
| 210 | @a重庆@c西南师范大学出版社@d2017.09@h2019.10 | |
| 215 | @a129页@c彩图@d24cm | |
| 300 | @a特殊教育“医教结合”实验教材 | |
| 330 | @a本书围绕学生生活的社区里的超市、水果店、市场等社区设施及社区环境设计教学内容。本册共有三章,第一章为言语基础部分;第二章为社区设施;第三章逛超市。 | |
| 606 | 0 | @a语言障碍@x儿童@x教育康复 |
| 690 | @aG762.2@v5 | |
| 701 | 0 | @a王曙光@Awang shu guang@4主编 |
| 801 | 0 | @aCN@bBJSZM@c20210308 |
| 905 | @b1273207-10@dG762.2@e288@f4 | |
| 言语康复与沟通训练.我的社区/王曙光主编.-重庆:西南师范大学出版社,2017.09(2019.10) |
| 129页:彩图;24cm |
| 特殊教育“医教结合”实验教材 |
| ISBN 978-7-5621-9014-1:CNY45.00 |
| 本书围绕学生生活的社区里的超市、水果店、市场等社区设施及社区环境设计教学内容。本册共有三章,第一章为言语基础部分;第二章为社区设施;第三章逛超市。 |
| ● |
| 相关链接 |
|
|
|
|
正题名:言语康复与沟通训练
索取号:G762.2/288
 
预约/预借
| 序号 | 登录号 | 条形码 | 馆藏地/架位号 | 状态 | 备注 |
| 1 | 1273207 | 212732079 | 第一样本阅览室/ [索取号:G762.2/288] | 在馆 | |
| 2 | 1273208 | 212732088 | 教育系资料室/ [索取号:G762.2/288] | 在馆 | |
| 3 | 1273209 | 212732097 | 教育系资料室/ [索取号:G762.2/288] | 在馆 | |
| 4 | 1273210 | 212732104 | 第四借阅区/ [索取号:G762.2/288] | 在馆 |